000 00585nam a22001817a 4500
003 SISC
005 20161129003958.0
008 161129b xxu||||| |||| 00| 0 eng d
020 _a9789712367199
050 _aKPM 26
_b.Sa161 2013
100 _aSalao, Ernesto.
245 _aLaw dictionary :
_bdefinitions of terms and phrases of Philippines laws and jurisprudence /
_cErnesto C. Salao.
250 _a3rd edition.
260 _aQuezon City :
_bRex Printing Company, Inc.,
_c2013.
300 _axxi, 613 pages ;
_c20 cm.
650 _aLaw
_xDictionary
_yPhilippines
942 _2lcc
_cBK
999 _c305296
_d305296